Statistiques concernant Joueurs de strasbourg 2023/2024

Cliquez ici pour prendre le quiz!

Statistiques générales

  • Ce quiz a été pris 42 fois
    (30 depuis la dernière actualisation)
  • Le résultat moyen est 19 sur 46

Statistiques - réponses

PosteRéponse% Correct
GKAlaa Bellaarouch
86%
DFrederic Guilbert
82%
A
Emmanuel Emegha
77%
DJunior Mwanga
77%
AKevin Gameiro
77%
DLucas Perrin
77%
DThomas Delaine
77%
MIbrahima Sissoko
73%
DAbakar Sylla
68%
GKAlexandre Pierre
68%
ADilan Bakwa
68%
DIsmaël Doukouré
68%
GKMatthieu Dreyer
68%
MHabib Diarra
64%
AJeremy Sebas
64%
DMarvin Senaya
59%
AMoise Sahi Dion
59%
DSaidou Sow
59%
MJean eudes Aholou
55%
ALebo Mothiba
50%
MSanjin Prcic
50%
AAngelo Gabriel
45%
MJessy Deminguet
41%
DKarol Fila
41%
ATom Saettel
36%
ASamir el Mourabet
32%
DSteven Baseya
32%
DElies Araar Fernandez
27%
AMohamed Bechikh
23%
APatrick Ouotro
23%
MRabby Nzingoula
23%
MNolan Ferro
18%
GKRyan Tutu
18%
MAbdoul Ouattara
14%
GKHugo Rauch
14%
DMathieu Tahmouch
14%
GKWalid Hasbi
9%
DYoann Dumay
9%
MAlexis Casadei
5%
DBradel Kiwa
5%
GKGabin Sabathié
5%
DGianni D'angelo
0%
DKanfory Kaba
0%
MMohamed Soumah
0%
MMohamed Soumahoro
0%
AOussama Lyakoubi
0%

Distribution des résultats

Percentile par nombre de réponses

% des personnes avec chaque résultat

Votre développement - résultats

Vous n’avez pas pris ce quiz depuis la dernière actualisation